La familia de Camilo Fabra y Fontanills, marqués de Alella, durante el siglo XIX en España / (Record no. 167667)
[ view plain ]
| 000 -LEADER | |
|---|---|
| campo de control de longitud fija | 00866nam a2200229 i 4500 |
| 001 - NÚMERO DE CONTROL | |
| campo de control | 167667 |
| 003 - IDENTIFICADOR DE NÚMERO DE CONTROL | |
| campo de control | ES-MaACL |
| 005 - FECHA Y HORA DE LA ÚLTIMA TRANSACCIÓN | |
| campo de control | 20240129175803.0 |
| 008 - DATOS DE LONGITUD FIJA--INFORMACIÓN GENERAL | |
| campo de control de longitud fija | 140327s2013 sp |||| | spa d |
| 020 ## - NÚMERO INTERNACIONAL ESTÁNDAR DEL LIBRO | |
| Número Internacional Estándar del Libro | 978-84-94151-75-0 |
| 080 ## - NÚMERO DE LA CLASIFICACIÓN DECIMAL UNIVERSAL | |
| Número de la Clasificación Decimal Universal | 929 Fabra i Fontanills, Camil |
| 080 ## - NÚMERO DE LA CLASIFICACIÓN DECIMAL UNIVERSAL | |
| Número de la Clasificación Decimal Universal | 929.52 Fabra i Fontanills, Camil |
| 100 1# - ENTRADA PRINCIPAL--NOMBRE DE PERSONA | |
| Nombre de persona | Velasco Fabra, Guillermo. |
| 9 (RLIN) | 155280 |
| 245 13 - MENCIÓN DEL TÍTULO | |
| Título | La familia de Camilo Fabra y Fontanills, marqués de Alella, durante el siglo XIX en España / |
| Mención de responsabilidad, etc. | Guillermo José Velasco Fabra. |
| 250 ## - MENCION DE EDICION | |
| Mención de edición | 1ª ed. |
| 260 ## - PUBLICACIÓN, DISTRIBUCIÓN, ETC. | |
| Lugar de publicación, distribución, etc. | Madrid : |
| Nombre del editor, distribuidor, etc. | Letra Clara, |
| Fecha de publicación, distribución, etc. | 2013. |
| 300 ## - DESCRIPCIÓN FÍSICA | |
| Extensión | 41 p. : |
| Otras características físicas | il. col. y n. ; |
| Dimensiones | c22 cm. |
| 600 17 - PUNTO DE ACCESO ADICIONAL DE MATERIA--NOMBRE DE PERSONA | |
| Nombre de persona | Fabra i Fontanills, Camil, |
| Fechas asociadas al nombre | 1833-1902- |
| Subdivisión general | Familia |
| Fuente del encabezamiento o término | |
| 9 (RLIN) | 155281 |
| 600 14 - PUNTO DE ACCESO ADICIONAL DE MATERIA--NOMBRE DE PERSONA | |
| Nombre de persona | Fabra i Fontanills, Camil, |
| Fechas asociadas al nombre | 1833-1902 |
| 9 (RLIN) | 155282 |
| 852 ## - LOCALIZACIÓN | |
| Ubicación | ES-MaACL |
| Número de control de estantería | 1607-F-3 |
| Nota libre | .- Ded. autogr. del autor |
| Estatus retirado | Estado de pérdida | Estado de daño | No para préstamo | Colección | Biblioteca de origen | Biblioteca actual | Ubicación en estantería | Fecha de adquisición | Fuente de adquisición | Total de préstamos | Signatura topográfica completa | Código de barras | Visto por última vez | Precio de reemplazo | Tipo de ítem Koha |
|---|---|---|---|---|---|---|---|---|---|---|---|---|---|---|---|
| Colección de folletos | Biblioteca del Ateneo de Madrid | Biblioteca del Ateneo de Madrid | Depósito folletos | 17/01/2008 | 1607-F-3 | 1175902 | 23/02/2023 | 23/02/2023 | Folleto |
